Q-Letter Subdivisions of North America - Statistics

General Stats
  • This quiz has been taken 21 times
  • The average score is 3 of 5
Answer Stats
Country Subdivision Type Answer % Correct
Canada Province Quebec
100%
Mexico State Quintana Roo
76%
Mexico State Querétaro
71%
Guatemala Department Quetzaltenango
53%
Guatemala Department Quiché
47%
No matching quizzes found
Score Distribution
Percent of People with Each Score
Percentile by Number Answered
Your Score History
You have not taken this quiz